|
|
|
|
| LEADER |
00000nab a2200000ua 4500 |
| 001 |
vtls010818441 |
| 003 |
SK-MaSNL |
| 005 |
20260303103024.0 |
| 008 |
230121s2012 xo |||||||||||||||||slo| |
| 035 |
|
|
|a (urnnbn)urn:nbn:sk:snk:ar-a05q66
|
| 035 |
|
|
|a urn:nbn:sk:snk-ab5mcm
|
| 035 |
|
|
|a (uuid)39168511-452d-4ff4-8ca7-9c0039865e93
|
| 040 |
|
|
|a SNKBUCL
|b slo
|c SNKBUCL
|e AACR2
|
| 041 |
0 |
|
|a slo
|
| 044 |
|
|
|a xo
|c SK
|
| 100 |
1 |
|
|a Andrašina, Igor,
|d 1955-
|4 aut
|9 12697
|
| 245 |
1 |
0 |
|a Nové možnosti a pohľad na liečbu kastračne refraktérneho karcinómu prostaty
|c Igor Andrašina, Radovan Barilla
|
| 700 |
1 |
|
|a Barilla, Radovan
|4 aut
|9 400432
|
| 773 |
0 |
|
|t Onkológia
|g Roč. 7, č. 1 (2012), s. 45-51
|
| 954 |
|
|
|a odborná, vedecká literatúra pôvodná (slovenská)
|2 lita
|
| 958 |
|
|
|a OND
|
| 958 |
|
|
|a EUIPO
|
| 958 |
|
|
|a article5
|
| 999 |
|
|
|c 1846521
|d 1848451
|